LDR 00864naa#a2200181#i#450# 001 RU\\bibl\109596 005 20260512183901.2 011 ## _a2949-0979 100 ## _a20260330b2026####ek#y0rusy0150####ca 102 ## _aRU 200 1# _aОсобенности составления и представления бюджетной отчетности органами внутренних дел Российской Федерации _eЖурнальная статья 210 1# _aУфа _cУфимский юридический институт МВД России _d2026 215 ## _a14 с. 608 ## _aЖурнальная статья _2local 675 ## _aБухгалтерия. Счетоводство. 657 _z 700 #1 _aБелова _gСветлана Николаевна 700 #1 _aМузалёва _gТатьяна Ивановна 856 4# _avestnik-uyi.editorum.ru _u